[Event "Sparkassen-Open A"]
[Site "Heusenstamm, Martinsee"]
[Date "2016.11.27"]
[Round "4.58"]
[White "Rack, Matthias"]
[Black "Bethke, Robert"]
[Result "0-1"]
[WhiteElo "2038"]
[BlackElo "1887"]
[PlyCount "39"]
[EventDate "2016.??.??"]
[WhiteTeam "SF Neuberg"]
[BlackTeam "SC Gelnhausen"]

1. d4 d5 2. Nf3 Nf6 3. e3 Bf5 4. Bd3 Bg6 5. Bxg6 hxg6 6. b3 e6 7. Bb2 Nbd7 8.
Nbd2 c5 9. Qe2 a6 10. e4 cxd4 11. exd5 Nxd5 12. Nxd4 N7f6 13. O-O-O Qa5 14.
Nxe6 fxe6 15. Qxe6+ Be7 16. Nc4 Qxa2 17. Rhe1 Rd8 18. Nd6+ Rxd6 19. Qxd6 O-O
20. Rxd5 0-1

[Event "Sparkassen-Open A"]
[Site "Heusenstamm, Martinsee"]
[Date "2016.11.27"]
[Round "4.59"]
[White "Hentzgen, Thomas"]
[Black "Rubina, Tatiana"]
[Result "1/2-1/2"]
[WhiteElo "2042"]
[BlackElo "1875"]
[PlyCount "60"]
[EventDate "2016.??.??"]
[WhiteTeam "USV Halle"]
[BlackTeam "SK Mannheim"]

1. c4 Nf6 2. g3 e6 3. Bg2 d5 4. d4 Be7 5. Nf3 O-O 6. O-O Nbd7 7. Nc3 c6 8. Qd3
Re8 9. Bf4 Nh5 10. Rad1 Nxf4 11. gxf4 Bd6 12. e3 Nf8 13. Ne2 Bd7 14. Ng3 Rc8
15. Ne5 f6 16. Nxd7 Qxd7 17. f5 Bxg3 18. fxg3 Kh8 19. fxe6 Nxe6 20. cxd5 cxd5
21. Qf5 Rcd8 22. Bh3 Qa4 23. Qh5 Nf8 24. Rd2 Rxe3 25. Qf7 Qb4 26. Rff2 Re7 27.
Qh5 Re4 28. Qd1 Rde8 29. Rf1 Qd6 30. Bg2 R4e7 1/2-1/2

[Event "Sparkassen-Open A"]
[Site "Heusenstamm, Martinsee"]
[Date "2016.11.27"]
[Round "4.60"]
[White "Iwanziw, Niklas"]
[Black "Schlapp, Thomas"]
[Result "0-1"]
[WhiteElo "1902"]
[BlackElo "2261"]
[PlyCount "48"]
[EventDate "2016.??.??"]
[WhiteTeam "SF Neuberg"]
[BlackTeam "SG Kaiserslautern"]

1. d4 Nf6 2. Nf3 e6 3. c4 Bb4+ 4. Bd2 Qe7 5. a3 Bxd2+ 6. Nbxd2 d6 7. g4 e5 8.
g5 Nh5 9. dxe5 dxe5 10. e3 g6 11. Ne4 Nc6 12. Be2 Bf5 13. Nfd2 O-O-O 14. Qa4
Ng7 15. O-O-O Ne6 16. b4 Kb8 17. Rdg1 a6 18. Nc3 e4 19. Nd5 Qd6 20. f3 Qe5 21.
Qb3 Qa1+ 22. Nb1 exf3 23. Bd3 Bxd3 24. Qxd3 Ne5 0-1

[Event "Sparkassen-Open A"]
[Site "Heusenstamm, Martinsee"]
[Date "2016.11.27"]
[Round "4.61"]
[White "Schellen, Sven"]
[Black "Kiselev, Alexander S"]
[Result "0-1"]
[WhiteElo "1845"]
[BlackElo "2149"]
[PlyCount "84"]
[EventDate "2016.??.??"]
[WhiteTeam "SF Frankfurt"]
[BlackTeam "vereinslos"]

1. d4 d5 2. c4 c6 3. Nf3 Nf6 4. g3 Bf5 5. Qb3 Qb6 6. Bg2 e6 7. O-O Nbd7 8. Nc3
Qxb3 9. axb3 Bc2 10. Nd2 Bb4 11. Re1 O-O 12. Ra2 Rfe8 13. e4 dxe4 14. Ncxe4
Nxe4 15. Bxe4 Bxd2 16. Bxd2 Bxb3 17. Ra3 Bxc4 18. Rae3 Bd5 19. Bc2 f6 20. b4
Kf7 21. h4 g6 22. h5 gxh5 23. Bd1 Kg6 24. Bc2+ f5 25. f3 Nf6 26. Kf2 Kf7 27.
Re5 a6 28. Bg5 Nd7 29. R5e3 Nf8 30. Rh1 a5 31. b5 cxb5 32. Rxh5 a4 33. Re5 Ng6
34. Re1 Kg8 35. Reh1 Nf8 36. g4 a3 37. gxf5 a2 38. f6 a1=Q 39. Bxh7+ Kf7 40.
Bb1 Qxd4+ 41. Kg2 Bxf3+ 42. Kxf3 Ra3+ 0-1

[Event "Sparkassen-Open A"]
[Site "Heusenstamm, Martinsee"]
[Date "2016.11.27"]
[Round "4.62"]
[White "Bethke, Richard"]
[Black "Bogucanin, Mirsad"]
[Result "1/2-1/2"]
[WhiteElo "2104"]
[BlackElo "1923"]
[PlyCount "83"]
[EventDate "2016.??.??"]
[WhiteTeam "SC Gelnhausen"]
[BlackTeam "VSG Offenbach"]

1. e4 c6 2. d4 d5 3. Nc3 dxe4 4. Nxe4 Bf5 5. Ng3 Bg6 6. h4 h6 7. Nf3 Nd7 8. h5
Bh7 9. Bd3 Bxd3 10. Qxd3 Ngf6 11. Bd2 e6 12. O-O-O Bd6 13. Ne4 Nxe4 14. Qxe4
Nf6 15. Qe2 Qc7 16. g3 O-O-O 17. c4 c5 18. Bc3 Rhe8 19. Kb1 a6 20. Rc1 Qc6 21.
Ba5 b6 22. Bc3 Qe4+ 23. Rc2 Qf5 24. Rh4 Kb7 25. b3 Rd7 26. dxc5 bxc5 27. Kb2
Red8 28. Be5 Be7 29. Ne1 Bd6 30. Bxd6 Rxd6 31. Qf3+ Kb6 32. Qxf5 exf5 33. Nf3
Ne4 34. Rf4 g6 35. hxg6 fxg6 36. g4 fxg4 37. Rxg4 Rf8 38. Ne5 Nxf2 39. Rxg6
Rxg6 40. Nxg6 Nd3+ 41. Kc3 Rf3 42. Kd2 1/2-1/2

[Event "Sparkassen-Open A"]
[Site "Heusenstamm, Martinsee"]
[Date "2016.11.27"]
[Round "4.63"]
[White "Köllner, Aaron Noah"]
[Black "Poghosyan, Tigran"]
[Result "1/2-1/2"]
[WhiteElo "1843"]
[BlackElo "2080"]
[PlyCount "98"]
[EventDate "2016.??.??"]
[WhiteTeam "SV Bergneustadt/Derschlag"]
[BlackTeam "Lübecker SV"]

1. d4 Nf6 2. Nc3 d5 3. Bf4 g6 4. Qd2 Bg7 5. f3 O-O 6. O-O-O c6 7. e4 dxe4 8.
fxe4 Qa5 9. h3 Be6 10. a3 Rd8 11. Kb1 b5 12. Nf3 a6 13. Nd5 Qxd2 14. Nxf6+ Bxf6
15. Rxd2 Bc8 16. Bc7 Rd7 17. Ba5 Bb7 18. e5 Bg7 19. Bd3 e6 20. Rf1 Bh6 21. Rdd1
Be3 22. Bb6 a5 23. c3 Ra6 24. Bc5 Ra8 25. b4 axb4 26. axb4 Na6 27. Kb2 Nxc5 28.
bxc5 b4 29. Ra1 Rad8 30. Ra4 bxc3+ 31. Kxc3 Kg7 32. Re1 Bf4 33. Ba6 Bxa6 34.
Rxa6 Rc7 35. Rb1 f6 36. Rbb6 fxe5 37. dxe5 Rd5 38. Rxc6 Rxc5+ 39. Rxc5 Rxc5+
40. Kd4 Rc2 41. Rxe6 Rxg2 42. Re7+ Kf8 43. Rxh7 Re2 44. Rh4 g5 45. Rg4 Re3 46.
Nxg5 Bxg5 47. Rxg5 Rxh3 48. Rg6 Ke7 49. Rb6 Rh1 1/2-1/2

[Event "Sparkassen-Open A"]
[Site "Heusenstamm, Martinsee"]
[Date "2016.11.27"]
[Round "4.64"]
[White "Berkes, Jörg"]
[Black "Von Auer, Ulrich"]
[Result "0-1"]
[WhiteElo "1833"]
[BlackElo "2077"]
[PlyCount "66"]
[EventDate "2016.??.??"]
[WhiteTeam "SK Langen"]
[BlackTeam "SF Frankfurt"]

1. Nf3 Nf6 2. g3 d5 3. Bg2 c6 4. d3 Bg4 5. O-O e6 6. Nbd2 Nbd7 7. c3 Be7 8. e4
O-O 9. h3 Bxf3 10. Bxf3 dxe4 11. dxe4 e5 12. Nc4 Qc7 13. g4 Nc5 14. Qc2 Ne6 15.
Ne3 g6 16. h4 h6 17. Ng2 Kg7 18. Kh2 Bc5 19. h5 Rad8 20. Qb3 Qc8 21. Nh4 Ng5
22. Bxg5 hxg5 23. Nf5+ gxf5 24. gxf5 Rd3 25. Be2 Rd2 26. Qc4 Rh8 27. Rg1 g4 28.
Bxg4 Bxf2 29. Rg2 Be3 30. Be2+ Kf8 31. Bf3 Qd8 32. Re2 Nxh5 33. Qb4+ c5 0-1

[Event "Sparkassen-Open A"]
[Site "Heusenstamm, Martinsee"]
[Date "2016.11.27"]
[Round "4.65"]
[White "Kuhn, Gerhard"]
[Black "Vangsgaard, Claus"]
[Result "1/2-1/2"]
[WhiteElo "2030"]
[BlackElo "1923"]
[PlyCount "77"]
[EventDate "2016.??.??"]
[WhiteTeam "SK Marburg"]
[BlackTeam "Vejlby-Risskov"]

1. e4 c6 2. d4 d5 3. exd5 cxd5 4. Bd3 Nc6 5. c3 Qc7 6. Nf3 Bg4 7. O-O Nf6 8.
Re1 e6 9. Bg5 Be7 10. Nbd2 Bh5 11. Nf1 O-O 12. Ng3 Bg6 13. Bxg6 hxg6 14. Qd3
Bd6 15. Re2 Nd7 16. Rae1 Bf4 17. Nf1 Bxg5 18. Nxg5 Qf4 19. Nh3 Qf5 20. Qg3 Nf6
21. Ne3 Qh5 22. f3 Ne7 23. Nf4 Qh7 24. Qg5 Nf5 25. Nxf5 gxf5 26. g3 Qh6 27.
Qxh6 gxh6 28. Nd3 Nd7 29. Kf2 Rfc8 30. g4 fxg4 31. fxg4 Nf6 32. Kf3 Ne4 33. Nf2
Nxf2 34. Rxf2 Rc6 35. Ke3 Re8 36. Kd3 Kg7 37. Ref1 Re7 38. h4 a5 39. Re1
1/2-1/2

[Event "Sparkassen-Open A"]
[Site "Heusenstamm, Martinsee"]
[Date "2016.11.27"]
[Round "4.66"]
[White "Trumpp, Lothar"]
[Black "Lotz, Ralf"]
[Result "0-1"]
[WhiteElo "2020"]
[BlackElo "1900"]
[PlyCount "118"]
[EventDate "2016.??.??"]
[WhiteTeam "VSG Offenbach"]
[BlackTeam "SC Obertshausen"]

1. Nc3 g6 2. e4 Bg7 3. Bc4 e6 4. d3 c6 5. Qe2 d6 6. Nf3 Nd7 7. O-O Ne5 8. Nxe5
dxe5 9. Be3 Ne7 10. Rad1 b5 11. Bb3 a5 12. a4 b4 13. Nb1 Rb8 14. Nd2 Ba6 15.
Nc4 Bxc4 16. dxc4 Qc7 17. c5 O-O 18. Rd6 Rbd8 19. Rfd1 Nc8 20. R6d3 Rxd3 21.
cxd3 Kh8 22. f3 Rd8 23. Qf2 Qe7 24. Qc2 h5 25. Qc4 Kh7 26. Qc1 Rd7 27. Bg5 Bf6
28. Be3 Qd8 29. Qd2 Qe7 30. Bc4 Qd8 31. g3 Qe7 32. h4 Qd8 33. Kg2 Ne7 34. Rh1
Ng8 35. g4 Qf8 36. Qf2 Bg7 37. Qg3 Qe7 38. Kh3 f5 39. gxh5 gxh5 40. Rg1 Qe8 41.
Qe1 f4 42. Bf2 Bf6 43. Qd1 Nh6 44. Qb3 Re7 45. Qd1 Rd7 46. Qd2 Nf7 47. Be1 Nh8
48. Qg2 Rg7 49. Qh2 Re7 50. Qc2 Ng6 51. Bf2 Rg7 52. Rg2 Qe7 53. d4 Kh6 54. d5
exd5 55. exd5 e4 56. d6 Qe5 57. b3 Qf5+ 58. Kh2 Ne5 59. fxe4 Nf3+ 0-1

[Event "Sparkassen-Open A"]
[Site "Heusenstamm, Martinsee"]
[Date "2016.11.27"]
[Round "4.67"]
[White "Martin, Reiner"]
[Black "Thomas, Tobias"]
[Result "0-1"]
[WhiteElo "2014"]
[BlackElo "1842"]
[PlyCount "66"]
[EventDate "2016.??.??"]
[WhiteTeam "SC Bad Soden"]
[BlackTeam "SK Langen"]

1. Nf3 Nc6 2. d4 d5 3. g3 Bg4 4. Bg2 Nf6 5. b3 e6 6. O-O Bd6 7. Bb2 O-O 8. Nbd2
Ne7 9. c4 c6 10. Re1 Bb4 11. a3 Ba5 12. b4 Bb6 13. Ne5 Bh5 14. h3 dxc4 15.
Ndxc4 Ned5 16. Nxb6 Nxb6 17. g4 Bg6 18. Nxg6 hxg6 19. Qb3 Nfd5 20. e3 Qe7 21.
b5 Rac8 22. Rec1 f5 23. bxc6 bxc6 24. a4 Qh4 25. gxf5 Rxf5 26. Rc2 Rg5 27. Kf1
Rf8 28. f3 Qg3 29. Rf2 Qh2 30. f4 Qg3 31. Re1 Nxf4 32. Qa3 Nc4 33. exf4 Nxa3
0-1

[Event "Sparkassen-Open A"]
[Site "Heusenstamm, Martinsee"]
[Date "2016.11.27"]
[Round "4.68"]
[White "Eg, Karlheinz"]
[Black "Skarke, Harald"]
[Result "0-1"]
[WhiteElo "1820"]
[BlackElo "2013"]
[PlyCount "58"]
[EventDate "2016.??.??"]
[WhiteTeam "SV Rüsselsheim"]
[BlackTeam "SF Neuberg"]

1. e4 c5 2. Nf3 e6 3. d4 cxd4 4. Nxd4 a6 5. c4 Nf6 6. Nc3 d6 7. Be2 Be7 8. Be3
Nbd7 9. f4 Qc7 10. Rc1 b6 11. Bf3 Bb7 12. O-O h5 13. f5 e5 14. Nd5 Qd8 15. Ne2
Rc8 16. b4 b5 17. Nxe7 Qxe7 18. cxb5 O-O 19. Qd3 d5 20. bxa6 Ba8 21. Bg5 Qxb4
22. Nc3 dxe4 23. Nxe4 Nxe4 24. Qxd7 Rxc1 25. Rxc1 Qb6+ 26. Kh1 Nf2+ 27. Kg1
Nh3+ 28. Kh1 Qg1+ 29. Rxg1 Nf2# 0-1

[Event "Sparkassen-Open A"]
[Site "Heusenstamm, Martinsee"]
[Date "2016.11.27"]
[Round "4.69"]
[White "Nickel, Jonas"]
[Black "Huschens, Matthias"]
[Result "0-1"]
[WhiteElo "1777"]
[BlackElo "1950"]
[PlyCount "66"]
[EventDate "2016.??.??"]
[WhiteTeam "SG Wächtersbach"]
[BlackTeam "SG Kaiserslautern"]

1. e4 d6 2. f4 g6 3. Nf3 Bg7 4. Bc4 c5 5. c3 Nc6 6. O-O e6 7. d3 Nge7 8. Nbd2
O-O 9. Rb1 a6 10. a4 Rb8 11. Bb3 b5 12. c4 Nb4 13. Bc2 Qc7 14. axb5 axb5 15. b3
Na2 16. Bb2 Nc3 17. Bxc3 Bxc3 18. cxb5 d5 19. e5 Rxb5 20. Qe2 Ra5 21. Rfc1 Ra2
22. Bd1 Qa5 23. Rc2 Rxc2 24. Bxc2 Qb4 25. g3 Nf5 26. Kg2 Bb7 27. Kh3 Ra8 28.
Nf1 Ra2 29. Qd1 d4 30. Ng5 Ne3 31. Nxe3 dxe3 32. Ne4 Bxe4 33. dxe4 Qd4 0-1

[Event "Sparkassen-Open A"]
[Site "Heusenstamm, Martinsee"]
[Date "2016.11.27"]
[Round "4.70"]
[White "Kolker, Vladislav"]
[Black "Scherf, Karl-Heinrich"]
[Result "0-1"]
[WhiteElo "2007"]
[BlackElo "1881"]
[PlyCount "70"]
[EventDate "2016.??.??"]
[WhiteTeam "SC Bad Nauheim"]
[BlackTeam "SF Neuberg"]

1. e4 c5 2. Nf3 d6 3. d4 cxd4 4. Nxd4 Nf6 5. Nc3 a6 6. Bg5 e6 7. f4 b5 8. Bd3
Nbd7 9. Qf3 Bb7 10. O-O-O Qb6 11. Bxf6 Nxf6 12. f5 e5 13. Nde2 b4 14. Nd5 Nxd5
15. exd5 Rc8 16. Kb1 Rc5 17. Be4 Be7 18. g4 a5 19. h4 Ba6 20. Ng3 Rc3 21. Bd3
O-O 22. Ne4 Rfc8 23. Nxc3 bxc3 24. b3 Qc5 25. Ka1 a4 26. Rh2 Bxd3 27. Qxd3 axb3
28. cxb3 c2 29. Rc1 e4 30. Rhxc2 exd3 31. Rxc5 Bf6+ 32. Kb1 Rxc5 33. Rxc5 dxc5
34. g5 Bc3 35. Kc1 Kf8 0-1

[Event "Sparkassen-Open A"]
[Site "Heusenstamm, Martinsee"]
[Date "2016.11.27"]
[Round "4.71"]
[White "Niebergall, Gerhard"]
[Black "Tojcic, Josip"]
[Result "1-0"]
[WhiteElo "2001"]
[BlackElo "1850"]
[PlyCount "81"]
[EventDate "2016.??.??"]
[WhiteTeam "SC Heitersheim"]
[BlackTeam "Frankfurter TV"]

1. d4 d6 2. e4 g6 3. Nc3 Bg7 4. Be3 c6 5. Be2 Nf6 6. h3 O-O 7. Nf3 Nbd7 8. Qd2
e5 9. dxe5 Nxe5 10. Nxe5 dxe5 11. Rd1 Qxd2+ 12. Rxd2 Be6 13. O-O Nd7 14. Rfd1
Nb6 15. b3 Bf6 16. a4 Rad8 17. a5 Nc8 18. Na4 Be7 19. Nc5 Rxd2 20. Rxd2 Bxc5
21. Bxc5 Re8 22. Bg4 Bxg4 23. hxg4 b6 24. axb6 axb6 25. Be3 Kg7 26. Rd7 Kf6 27.
Rb7 b5 28. Rc7 Ke6 29. Rxc6+ Nd6 30. Bc5 Rd8 31. c3 f5 32. gxf5+ gxf5 33. exf5+
Kd5 34. Rxd6+ Rxd6 35. Bxd6 Kxd6 36. g4 Ke7 37. Kg2 Kf6 38. Kf3 h5 39. gxh5
Kxf5 40. c4 bxc4 41. bxc4 1-0

[Event "Sparkassen-Open A"]
[Site "Heusenstamm, Martinsee"]
[Date "2016.11.27"]
[Round "4.72"]
[White "Blübaum, Johanna"]
[Black "Reinhold, Günther"]
[Result "0-1"]
[WhiteElo "1974"]
[BlackElo "1834"]
[PlyCount "108"]
[EventDate "2016.??.??"]
[WhiteTeam "SV Königsspringer Lemgo"]
[BlackTeam "Frankfurter TV"]

1. d4 Nf6 2. c4 e6 3. Nf3 b6 4. g3 Ba6 5. b3 Bb4+ 6. Bd2 Be7 7. Bg2 c6 8. Qc2
d5 9. Ne5 Nfd7 10. Nd3 Nf6 11. f3 O-O 12. O-O dxc4 13. Nf2 cxb3 14. axb3 Qxd4
15. Nc3 Rd8 16. Rfd1 Qc5 17. Kf1 Bb5 18. Qb2 Nbd7 19. Nxb5 Qxb5 20. Ra4 Nc5 21.
Rb4 Qa6 22. f4 Nd5 23. Ra1 Qc8 24. Bxd5 cxd5 25. Rc1 Qb7 26. f5 Ne4 27. Nxe4
Bxb4 28. Bxb4 dxe4 29. fxe6 fxe6 30. Qe5 Qf7+ 31. Kg2 Qf5 32. Qb2 e3 33. Rc7
Qd5+ 34. Kh3 Rd7 35. Rxd7 Qxd7 36. Qe5 Rd8 37. Qxe3 e5+ 38. Kg2 Qd5+ 39. Kf2
Qd4 40. Bc3 Qxe3+ 41. Kxe3 Rd5 42. Ke4 Rb5 43. Bxe5 Rxb3 44. Kd4 Kf7 45. e4
Rb4+ 46. Kd3 g6 47. Bd6 Rb2 48. h4 Ke6 49. Bf4 a5 50. Kc3 Rb4 51. Kd3 b5 52.
Bd2 Rb3+ 53. Kd4 a4 54. g4 Rh3 0-1

[Event "Sparkassen-Open A"]
[Site "Heusenstamm, Martinsee"]
[Date "2016.11.27"]
[Round "4.73"]
[White "Schindelmeiser, Frank"]
[Black "Mager, Thomas"]
[Result "1/2-1/2"]
[WhiteElo "1981"]
[BlackElo "1832"]
[PlyCount "41"]
[EventDate "2016.??.??"]
[WhiteTeam "SV Oberursel"]
[BlackTeam "vereinslos"]

1. c4 f5 2. g3 Nf6 3. Bg2 g6 4. Nc3 Bg7 5. d3 e5 6. e4 d6 7. Nge2 O-O 8. O-O
Nc6 9. Nd5 Be6 10. Bg5 Ne7 11. Qd2 c6 12. Nxe7+ Qxe7 13. Rae1 fxe4 14. Bxe4
Nxe4 15. dxe4 Qf7 16. f3 d5 17. cxd5 cxd5 18. Kg2 Qd7 19. Ng1 d4 20. b3 Rac8
21. Rc1 1/2-1/2

[Event "Sparkassen-Open A"]
[Site "Heusenstamm, Martinsee"]
[Date "2016.11.27"]
[Round "4.74"]
[White "Elbert, Thomas"]
[Black "Mehringer, Jörg"]
[Result "1/2-1/2"]
[WhiteElo "1710"]
[BlackElo "1965"]
[PlyCount "84"]
[EventDate "2016.??.??"]
[WhiteTeam "SF Sailauf"]
[BlackTeam "Schachpinguine Berlin"]

1. d4 Nf6 2. Nf3 g6 3. Bf4 Bg7 4. Nc3 O-O 5. e3 d6 6. Be2 Nbd7 7. h4 Re8 8. Ng5
h6 9. Nge4 Nxe4 10. Nxe4 e5 11. dxe5 Nxe5 12. c3 Bd7 13. Qc2 Bf5 14. Bxe5 Rxe5
15. Bd3 Qe7 16. Ng3 Be6 17. h5 g5 18. Nf5 Qd7 19. Nxg7 Kxg7 20. O-O-O Ra5 21.
a3 Qa4 22. Qxa4 Rxa4 23. f3 Bb3 24. Rde1 Ra5 25. Re2 Re8 26. Rhe1 f5 27. g3 Bd5
28. Rf2 Bf7 29. Rh2 Rae5 30. Kd2 f4 31. gxf4 gxf4 32. Rg1+ Kf6 33. exf4 Rxh5
34. Rxh5 Bxh5 35. Rh1 Bxf3 36. Rxh6+ Ke7 37. Rh7+ Kd8 38. Rg7 Be4 39. Ke3 Bf5+
40. Kd2 Bd7 41. Bg6 Rf8 42. Ke3 Be6 1/2-1/2

[Event "Sparkassen-Open A"]
[Site "Heusenstamm, Martinsee"]
[Date "2016.11.27"]
[Round "4.76"]
[White "Hinz, André"]
[Black "Sanati, Charlotte"]
[Result "0-1"]
[WhiteElo "1693"]
[BlackElo "1961"]
[PlyCount "114"]
[EventDate "2016.??.??"]
[WhiteTeam "SC Brett vorm Kopp"]
[BlackTeam "SG Trier"]

1. c4 c5 2. g3 g6 3. Bg2 Bg7 4. Nc3 Nc6 5. d3 e5 6. e4 d6 7. Nge2 h5 8. h3 Be6
9. Be3 Qd7 10. Nd5 O-O-O 11. Nec3 Nd4 12. a4 Kb8 13. a5 Bxd5 14. Nxd5 Ne7 15.
Nxe7 Qxe7 16. Qa4 Ne6 17. b4 Bh6 18. Bd2 h4 19. g4 Bxd2+ 20. Kxd2 Qg5+ 21. Kc3
Nf4 22. Bf1 Qe7 23. f3 Rc8 24. Rh2 Rhd8 25. Rd2 f5 26. b5 Qf6 27. Qd1 fxg4 28.
fxg4 g5 29. Raa2 Rf8 30. Rf2 Qe7 31. Qe1 Rf6 32. Qe3 Rcf8 33. Rfd2 Nxh3 34.
Qxh3 Rxf1 35. Qg2 Qf6 36. Rab2 Qf4 37. Ra2 Qe3 38. Qe2 Qxe2 39. Rxe2 R8f4 40.
Rg2 R1f3 41. a6 b6 42. Rae2 Kc7 43. Kd2 Kd7 44. Kc3 Ke6 45. Kd2 Kf6 46. Kc3 Kg6
47. Kd2 Rg3 48. Rxg3 hxg3 49. Rg2 Rxg4 50. Ke3 Kh5 51. Rg1 g2 52. Kf3 Kh4 53.
d4 cxd4 54. c5 dxc5 55. Kf2 Kh3 56. Kf3 Rf4+ 57. Ke2 Kh2 0-1

[Event "Sparkassen-Open A"]
[Site "Heusenstamm, Martinsee"]
[Date "2016.11.27"]
[Round "4.77"]
[White "Seifert, Norbert"]
[Black "Reinecke, Katharina"]
[Result "1/2-1/2"]
[WhiteElo "1961"]
[BlackElo "1804"]
[PlyCount "45"]
[EventDate "2016.??.??"]
[WhiteTeam "vereinslos"]
[BlackTeam "SK Langen"]

1. e4 c6 2. d4 d5 3. exd5 cxd5 4. Bd3 Nc6 5. c3 Qc7 6. Bg5 Nf6 7. Nd2 Bg4 8.
Qb3 e6 9. Ne2 Bd6 10. Bh4 a6 11. Bg3 O-O 12. O-O b5 13. Rfe1 Bh5 14. Nf1 b4 15.
Rac1 Qd7 16. Nf4 Bxf4 17. Bxf4 bxc3 18. bxc3 Rfc8 19. Rb1 Na5 20. Qb4 Nc4 21.
Nd2 Nxd2 22. Bxd2 Bg6 23. Bxg6 1/2-1/2

[Event "Sparkassen-Open A"]
[Site "Heusenstamm, Martinsee"]
[Date "2016.11.27"]
[Round "4.78"]
[White "Rapp, Matthias"]
[Black "Kulenovic, Adnan"]
[Result "0-1"]
[WhiteElo "1746"]
[BlackElo "1941"]
[PlyCount "72"]
[EventDate "2016.??.??"]
[WhiteTeam "SF Mainz"]
[BlackTeam "SV Kinzigtal"]

1. e4 e5 2. d4 Nc6 3. dxe5 Nxe5 4. f4 Nc6 5. Nf3 Bb4+ 6. Bd2 Bxd2+ 7. Qxd2 Nge7
8. Nc3 O-O 9. O-O-O d6 10. Kb1 a6 11. h3 f5 12. Bc4+ Kh8 13. Ng5 Qe8 14. a3 b5
15. Bd5 Rb8 16. Ba2 b4 17. axb4 Nxb4 18. Bb3 a5 19. Qf2 h6 20. h4 Ng6 21. g3
Bd7 22. Rde1 Ne7 23. e5 d5 24. e6 Bc6 25. Nf7+ Kg8 26. Qc5 a4 27. Ba2 Nxa2 28.
Nxa2 Rb5 29. Qd4 Ba8 30. Ka1 c5 31. Qe5 Qb8 32. Qe2 Rxb2 33. g4 a3 34. Nc3 d4
35. Nxh6+ gxh6 36. gxf5 Ra2+ 0-1

[Event "Sparkassen-Open A"]
[Site "Heusenstamm, Martinsee"]
[Date "2016.11.27"]
[Round "4.79"]
[White "Musiolik, David"]
[Black "Binner, Peter"]
[Result "1-0"]
[WhiteElo "1874"]
[BlackElo "1802"]
[PlyCount "65"]
[EventDate "2016.??.??"]
[WhiteTeam "SC Ramstein"]
[BlackTeam "Vorw.Orient Mainz"]

1. e4 c5 2. Nf3 e6 3. d4 cxd4 4. Nxd4 a6 5. Nc3 Qc7 6. Bd3 Nf6 7. O-O Be7 8.
Qe2 d6 9. Be3 O-O 10. f4 Nbd7 11. g4 Nc5 12. f5 d5 13. exd5 Nxd5 14. Nxd5 exd5
15. g5 Bd6 16. f6 g6 17. Qf2 Re8 18. Bf4 Ne4 19. Qh4 Bxf4 20. Rxf4 Qc5 21. Bxe4
Rxe4 22. Rxe4 dxe4 23. Qh6 Qf8 24. Re1 Qxh6 25. gxh6 Bf5 26. Nxf5 gxf5 27. Rf1
Re8 28. Rxf5 e3 29. Kf1 Re6 30. Ke2 Rc6 31. c3 Rb6 32. Kxe3 Rxb2 33. Rd5 1-0

[Event "Sparkassen-Open A"]
[Site "Heusenstamm, Martinsee"]
[Date "2016.11.27"]
[Round "4.80"]
[White "Pade, Joachim"]
[Black "Marchese, Gaspare"]
[Result "0-1"]
[WhiteElo "1672"]
[BlackElo "1933"]
[PlyCount "48"]
[EventDate "2016.??.??"]
[WhiteTeam "SV Alsfeld"]
[BlackTeam "SC Matt im Park"]

1. e4 e6 2. d3 d5 3. Nd2 Nc6 4. g3 Nf6 5. Bg2 dxe4 6. dxe4 e5 7. Ngf3 Bc5 8.
O-O O-O 9. c3 a5 10. a4 b6 11. Qc2 Ba6 12. Re1 Ng4 13. Re3 Bxe3 14. fxe3 Nxe3
15. Qb3 Nxg2 16. Kxg2 Qd3 17. Qd1 Rad8 18. Ra3 Qxe4 19. Qg1 Qc2 20. Kh3 Rd6 21.
Nb3 Rd1 22. Qe3 Bf1+ 23. Kh4 Rd6 24. Qg1 Qe4+ 0-1

[Event "Sparkassen-Open A"]
[Site "Heusenstamm, Martinsee"]
[Date "2016.11.27"]
[Round "4.81"]
[White "Zimmer, Gerald"]
[Black "Zerhusen, Martin"]
[Result "1-0"]
[WhiteElo "1929"]
[BlackElo "1774"]
[PlyCount "53"]
[EventDate "2016.??.??"]
[WhiteTeam "SC Bergen-Enkheim"]
[BlackTeam "SV Oberursel"]

1. d4 d5 2. c4 c6 3. Nc3 Nf6 4. Nf3 e6 5. e3 Be7 6. Bd3 a6 7. a4 c5 8. O-O Nc6
9. cxd5 Nxd5 10. Nxd5 Qxd5 11. e4 Qd8 12. Be3 cxd4 13. Nxd4 Ne5 14. Be2 O-O 15.
Qb3 Ng6 16. Rfd1 Qa5 17. g3 Qb4 18. Rac1 Rd8 19. Qxb4 Bxb4 20. Nc2 Rxd1+ 21.
Rxd1 Be7 22. Bb6 Kf8 23. f4 Ke8 24. Ne3 Bd7 25. b3 Rc8 26. Nc4 Bxa4 27. bxa4
1-0

[Event "Sparkassen-Open A"]
[Site "Heusenstamm, Martinsee"]
[Date "2016.11.27"]
[Round "4.82"]
[White "Fey, Karl-Heinz"]
[Black "Pabel, Ralph"]
[Result "0-1"]
[WhiteElo "1277"]
[BlackElo "1927"]
[PlyCount "64"]
[EventDate "2016.??.??"]
[WhiteTeam "SC Haßloch"]
[BlackTeam "SK Mainaschaff"]

1. Nf3 d5 2. d4 Nf6 3. e3 c5 4. Nc3 Nc6 5. Bd2 Bg4 6. Be2 e6 7. h3 Bxf3 8. Bxf3
cxd4 9. exd4 Nxd4 10. Ne2 Nxf3+ 11. gxf3 Bc5 12. Bg5 Qb6 13. Bxf6 Bxf2+ 14. Kf1
gxf6 15. Rh2 Bc5 16. b3 Rg8 17. Rh1 O-O-O 18. Qd3 f5 19. a3 Qc7 20. b4 Bb6 21.
Nc3 Qc4 22. Ke2 Rg2+ 23. Kf1 Rdg8 24. Ne2 Rf2+ 25. Ke1 Qxd3 26. cxd3 Rxf3 27.
Kd2 Rg2 28. Raf1 Rff2 29. Rxf2 Rxf2 30. Ke1 Be3 31. Rg1 Rxe2+ 32. Kxe2 Bxg1 0-1

[Event "Sparkassen-Open A"]
[Site "Heusenstamm, Martinsee"]
[Date "2016.11.27"]
[Round "4.83"]
[White "Cors, Heinz-Friedrich"]
[Black "Karthik, Thrish"]
[Result "1/2-1/2"]
[WhiteElo "1925"]
[BlackElo "1689"]
[PlyCount "81"]
[EventDate "2016.??.??"]
[WhiteTeam "Schachforum Darmstadt"]
[BlackTeam "vereinslos"]

1. e4 c5 2. Nf3 d6 3. d4 cxd4 4. Nxd4 Nf6 5. Nc3 g6 6. Be2 Bg7 7. Be3 Nc6 8.
Nb3 O-O 9. O-O Ne5 10. f3 Be6 11. Nd5 Bxd5 12. exd5 Qc7 13. Qd2 Rfc8 14. Rac1
Nc4 15. Bxc4 Qxc4 16. Rfd1 a5 17. Qd3 a4 18. Qxc4 Rxc4 19. Nd2 Rb4 20. a3 Rxb2
21. c4 Ra2 22. Nb1 Nd7 23. c5 Nxc5 24. Bxc5 dxc5 25. Rxc5 Rb2 26. Rc7 Bf6 27.
Nd2 Bd4+ 28. Kf1 Bf6 29. Ne4 Kg7 30. Nxf6 Kxf6 31. Re1 Re8 32. d6 e6 33. Re4
Rd8 34. Rf4+ Ke5 35. Re4+ Kxd6 36. Rxf7 Rc8 37. Rd4+ Ke5 38. Re4+ Kd6 39. Rd4+
Ke5 40. Re4+ Kd6 41. Rd4+ 1/2-1/2

[Event "Sparkassen-Open A"]
[Site "Heusenstamm, Martinsee"]
[Date "2016.11.27"]
[Round "4.84"]
[White "Laux, Dominik"]
[Black "Budde, Michael"]
[Result "0-1"]
[WhiteElo "1642"]
[BlackElo "1954"]
[PlyCount "50"]
[EventDate "2016.??.??"]
[WhiteTeam "VSG Offenbach"]
[BlackTeam "SC Flörsheim"]

1. d4 Nf6 2. Nc3 g6 3. Bf4 Bg7 4. Qd2 d6 5. e4 O-O 6. Nf3 Nbd7 7. Bh6 c6 8. Be2
e5 9. dxe5 dxe5 10. h3 b5 11. Bd3 Qe7 12. O-O-O a5 13. g4 a4 14. Rdg1 b4 15.
Ne2 Nc5 16. Ng3 Rd8 17. Ne1 Nfxe4 18. Nxe4 Nxe4 19. Qe3 Bxh6 20. Qxh6 Nxf2 21.
Rh2 Qc5 22. Rg3 e4 23. h4 exd3 24. Nxd3 Nxd3+ 25. Kb1 Nf2 0-1

[Event "Sparkassen-Open A"]
[Site "Heusenstamm, Martinsee"]
[Date "2016.11.27"]
[Round "4.85"]
[White "Traut, Stefan"]
[Black "Altenbernd, Dirk"]
[Result "0-1"]
[WhiteElo "1738"]
[BlackElo "1902"]
[PlyCount "94"]
[EventDate "2016.??.??"]
[WhiteTeam "SF Heusenstamm"]
[BlackTeam "SG Osnabrück"]

1. d4 g6 2. Nf3 Bg7 3. c4 d6 4. Nc3 e5 5. e3 Nd7 6. Be2 f5 7. O-O Nh6 8. h3 O-O
9. Qc2 c6 10. b4 Nf7 11. dxe5 dxe5 12. Rd1 Qe7 13. a3 Nf6 14. Bb2 Be6 15. Rd2
Rfd8 16. Rad1 Rxd2 17. Rxd2 h6 18. Qd1 Kh7 19. Na4 Ne4 20. Rc2 a5 21. Nc5 Nxc5
22. bxc5 Qxc5 23. Qc1 Rd8 24. Nd2 Rd7 25. Bc3 Bf8 26. a4 Qa7 27. Rb2 Ba3 28.
Nb3 b6 29. Qa1 Bxb2 30. Qxb2 Qc7 31. Nd2 c5 32. Nf3 e4 33. Ne5 Nxe5 34. Bxe5
Qc6 35. Qc2 Rd8 36. Kh2 Qd7 37. Qb1 Qc6 38. Qc2 Bd7 39. Bd1 Be8 40. Kg3 Rd3 41.
Be2 Rd8 42. Bd1 Qe6 43. Ba1 Qd6+ 44. f4 exf3+ 45. Kf2 Qd2+ 46. Kg3 Qxg2+ 47.
Qxg2 fxg2 0-1